Trouve ces personnages de Naruto N°1 - Statistiques

Statistiques générales
  • Ce quiz a été pris 461 fois
  • Le résultat moyen est 15 sur 16
Statistiques - réponses
Par images Réponse % Correct
Naruto
100%
Kakashi
99%
Sasuke
99%
Sakura
98%
hinata
97%
Rock lee
96%
Shikamaru
93%
Neji
92%
Ino
91%
Tenten
91%
Gai
89%
choji
88%
kiba
87%
shino
86%
Asuma
81%
kurenai
75%
Aucun quiz correspondant
Distribution des résultats
% des personnes avec chaque résultat
Percentile par nombre de réponses
Votre historique - résultats
Vous n’avez pas pris ce quiz